000 00760nam a2200241 4500
003 OSt
005 20240614073557.0
006 a
008 240614b |||||||| |||| 00| 0 eng d
020 _a1557667071
040 _aDWCL-Main lib.
_cOC
082 _aCirc. 371.9046 J82i 2006
100 _aJorgensen, Cheryl M.
245 _aThe inclusion facilitator’s guide /
260 _aMaryland :
_bPaul H. Brooke’s Pub.,
_cc2006.
300 _axxii,
_b250 p. ;
_c23 cm.
504 _aIncludes bibliographical references & index.
650 _a1. Inclusive education–U.S.
650 _a2. Mainstreaming in education–U.S.
650 _a3. People with disabilities–Education–U.S.
700 _aCheryl M Jorgensen
942 _2ddc
_n0
_cBK-CIRC
_kCirc.
999 _c723
_d723